LEADER 01176nam0-2200313---450- 001 990009182250403321 005 20100505114748.0 035 $a000918225 035 $aFED01000918225 035 $a(Aleph)000918225FED01 035 $a000918225 100 $a20100505d1974----km-y0itay50------ba 101 0 $aeng 105 $aa-------101yy 200 1 $aInternational Symposium on Preservatives in Biological Products$eproceedings of the 38th symposium organized by the International Association of Biological Standardization and held at the Sheraton-Palace Hotel, 639 Market Street, San Francisco, USA, 11-13 June 1973$facting editors V. J. Cabasso and R. H. Regamey 210 $aBasel$cS. Karger$d1974 215 $aXVII, 271 p.$cill.$d25 cm 225 1 $aDevelopments in biological standardization$v24 610 0 $aVaccini 676 $a615.3 702 1$aRegamey,$bR. H.$g 702 1$aCabasso,$bV. J. 801 0$aIT$bUNINA$gRICA$2UNIMARC 901 $aBK 912 $a990009182250403321 952 $aIG 16 B 10$b840$fDMIGI 959 $aDMIGI 996 $aInternational Symposium on Preservatives in Biological Products$9779796 997 $aUNINA LEADER 01629nas 2200433- 450 001 9910338753503321 005 20181106054256.7 011 $a2252-083X 035 $a(OCoLC)852743618 035 $a(CKB)2670000000374183 035 $a(CONSER)--2014223399 035 $a(EXLCZ)992670000000374183 100 $a20130710a20119999 --- - 101 0 $aper 135 $aur||||||||||| 181 $ctxt$2rdacontent 182 $cc$2rdamedia 183 $acr$2rdacarrier 200 00$aS?stim?h?-yi h?shmand dar muhandis?-i barq 210 1$aI?fah?n :$cMu??vanat-i Pizh?hish? va Fan?var?-i D?nishg?h-i I?fah?n,$d[2011]- 215 $a1 online resource (volumes) 300 $aRefereed/Peer-reviewed 311 $a2251-6530 517 1 $aIntelligent systems in electrical engineering 517 1 $aDaftar-i majallah-i s?stim?h?-yi h?shmand dar muhandis?-i barq 606 $aElectrical engineering$vPeriodicals 606 $aElectrical engineering$xMathematical models$vPeriodicals 606 $aElectrical engineering$2fast$3(OCoLC)fst01728596 606 $aElectrical engineering$xMathematical models$2fast$3(OCoLC)fst01728624 608 $aPeriodicals.$2fast 615 0$aElectrical engineering 615 0$aElectrical engineering$xMathematical models 615 7$aElectrical engineering. 615 7$aElectrical engineering$xMathematical models. 712 02$aD?nishg?h-i I?fah?n.$bMu??vanat-i Pizh?hish? va Fan?var?, 906 $aJOURNAL 912 $a9910338753503321 996 $aS?stim?h?-yi h?shmand dar muhandis?-i barq$92054804 997 $aUNINA